Score 0/34 Timer 06:00
0 Plays Today
Ingredient % Correct
Lactic acid
56%
Carob bean
56%
Lots of sugar
56%
Grade A milk emulsified
52%
Artificial barley malt
52%
Aspartate
48%
Monosodium glutamate
48%
Monosodium glutamate
48%
Zinc trisodium
44%
Soybean oil
44%
Butter fat
44%
Calcified synthetic salt
40%
Oxide beta carotene
36%
Silicon deoxylite
36%
Caramel center
36%
BHT
36%
Sorbitol and bisulfate
32%
Ingredient % Correct
Malto-dextrin alkalide
32%
Folic acid
32%
Baking soda
32%
Carob gum
32%
Lecithin
28%
Powdered milk
28%
Carbohydrates
28%
Yeast and fat
28%
Glycerine and aspartate
24%
Dipped in chocolate
24%
Whole grain flour
24%
Dehydrated calceinate
20%
Citrus enzymes
20%
Gelatinized triglycerine
16%
Deoxylite tri-silicon
16%
Phosphate soybean
12%
Zinc disodium algenate
12%
Remove Ads.
Support Sporcle.
Get the best of Sporcle when you Go Orange. This ad-free experience offers more features, more stats, and more fun while also helping to support Sporcle. Thank you for becoming a member.

You're not logged in!

Compare scores with friends on all Sporcle quizzes.
OR
Log In

Show Comments

Extras

Created Oct 4, 2013ReportNominate
Tags:careful, eat, Ingredients

Top Quizzes Today


Score Distribution

Your Account Isn't Verified!

In order to create a playlist on Sporcle, you need to verify the email address you used during registration. Go to your Sporcle Settings to finish the process.

Report this User

Report this user for behavior that violates our Community Guidelines.

Details: